• 首页
  • 本馆介绍
  • 公告通知
  • 最新文献
  • 馆藏检索
  • 电子资源
  • 读者导购
  • 参考咨询
  • 我的图书馆
  • 登录
  • 详细信息显示
  • 放入我的书架
  • 预约/预借图书
  • 作者相关作品
  • 分类相关作品
  • 丛书相关作品
  • 出版社相关作品

书目信息

  • 表格格式
  • 工作单格式
  • 卡片格式
题名:
3ds Max影视包装材质渲染手册
    
 
作者: ;精鹰传媒 编著
分册:  
出版信息: 北京   人民邮电出版社  2014
页数: 316页
开本: 26cm
丛书名:
单 册:
中图分类: TP391.413-62 , TP391.41
科图分类:
主题词: 三维动画软件--San Wei Dong Hua Ruan Jian--手册
电子资源:
ISBN: 978-7-115-36559-0
000 01285nam0 2200253 450
001 1663524505
005 20141106084015.7
010    @a978-7-115-36559-0@dCNY88.00
100    @a20141106d2014 em y0chiy50 ea
101 0  @achi
102    @aCN@b110000
105    @aa z 000yy
106    @ar
200 1  @a3ds Max影视包装材质渲染手册@A3ds Max Ying Shi Bao Zhuang Cai Zhi Xuan Ran Shou Ce@f精鹰传媒编著
210    @a北京@c人民邮电出版社@d2014
215    @a316页@c彩图@d26cm
330    @a本书主要针对影视包装制作中的一些常用的、经典的、高级的材质表现和渲染技法, 以丰富的实例进行了深入剖析。全书共讲解了近70个经典的材质渲染应用型实例, 包括金属、玻璃、车漆、写意、皮革、布料、塑料、瓷器、3S、卡通和冰川等近40种材质; 介绍了影视包装中最常用的四大渲染器, 包括默认渲染器、mentalray、V-Ray和finalRender渲染器, 并对渲染器的所有关键特色进行了详细和深入的讲解。
333    @a适合以真实视觉效果为首位的CG相关从业人员阅读参考, 是影视包装、产品设计和广告包装等行业的全方位材质渲染技术教学宝典, 并可作为CG渲染爱好者的自学用书, 也非常适合作为相关行业的培训教材
606 0  @a三维动画软件@ASan Wei Dong Hua Ruan Jian@j手册
690    @aTP391.413-62@v5
690    @aTP391.41@v4
711 02 @a精鹰传媒@AJing Ying Chuan Mei@4编著
801  0 @aCN@b江苏新华@c20150511
905    @aBZT@dTP391.41@e214
    
    3ds Max影视包装材质渲染手册/精鹰传媒编著.-北京:人民邮电出版社,2014
    316页:彩图;26cm
    使用对象:适合以真实视觉效果为首位的CG相关从业人员阅读参考, 是影视包装、产品设计和广告包装等行业的全方位材质渲染技术教学宝典, 并可作为CG渲染爱好者的自学用书, 也非常适合作为相关行业的培训教材
    
    ISBN 978-7-115-36559-0:CNY88.00
    本书主要针对影视包装制作中的一些常用的、经典的、高级的材质表现和渲染技法, 以丰富的实例进行了深入剖析。全书共讲解了近70个经典的材质渲染应用型实例, 包括金属、玻璃、车漆、写意、皮革、布料、塑料、瓷器、3S、卡通和冰川等近40种材质; 介绍了影视包装中最常用的四大渲染器, 包括默认渲染器、mentalray、V-Ray和finalRender渲染器, 并对渲染器的所有关键特色进行了详细和深入的讲解。
●
相关链接 在五车中查询图书 在当当中查询图书 在豆瓣中查询图书


正题名:3ds Max影视包装材质渲染手册     索取号:TP391.41/214         预约/预借

序号 登录号 条形码 馆藏地/架位号 状态 备注
1 799545   2000799545   第二书库/ [索取号:TP391.41/214] 在馆    
2 799546   2000799546   第二书库/ [索取号:TP391.41/214] 在馆    
3 799547   2000799547   第二书库/ [索取号:TP391.41/214] 在馆    
山东省滨州职业学院图书馆 欢迎您!
大连网信软件有限公司© 版权所有